Peace, democracy and development in Africa. (Record no. 7394)
[ view plain ]
| 000 -LEADER | |
|---|---|
| fixed length control field | 01307cam a2200349 i 4500 |
| 001 - CONTROL NUMBER | |
| control field | 21792302 |
| 003 - CONTROL NUMBER IDENTIFIER | |
| control field | OSt |
| 005 - DATE AND TIME OF LATEST TRANSACTION | |
| control field | 20211026105841.0 |
| 008 - FIXED-LENGTH DATA ELEMENTS--GENERAL INFORMATION | |
| fixed length control field | 201022s2020 enk b 000 0 eng |
| 010 ## - LIBRARY OF CONGRESS CONTROL NUMBER | |
| LC control number | 2020447251 |
| 020 ## - INTERNATIONAL STANDARD BOOK NUMBER | |
| International Standard Book Number | 9781909112711 |
| Qualifying information | (pbk.) |
| 020 ## - INTERNATIONAL STANDARD BOOK NUMBER | |
| International Standard Book Number | 1909112712 |
| Qualifying information | (pbk.) |
| 040 ## - CATALOGING SOURCE | |
| Original cataloging agency | DLC |
| Language of cataloging | eng |
| Transcribing agency | DDC |
| Description conventions | rda |
| 042 ## - AUTHENTICATION CODE | |
| Authentication code | pcc |
| 043 ## - GEOGRAPHIC AREA CODE | |
| Geographic area code | f------ |
| 050 00 - LIBRARY OF CONGRESS CALL NUMBER | |
| Classification number | JZ5584.A35 |
| Item number | P4197 2020 |
| 082 04 - DEWEY DECIMAL CLASSIFICATION NUMBER | |
| Classification number | 100PEA 2020 |
| 100 ## - MAIN ENTRY--PERSONAL NAME | |
| Personal name | Francis,David J.; Bainomugisha,Arthur; Rwengabo,Sabastiano; |
| 9 (RLIN) | 15144 |
| 245 00 - TITLE STATEMENT | |
| Title | Peace, democracy and development in Africa. |
| Statement of responsibility, etc. | Edited by Francis,David J.; Bainomugisha,Arthur and Rwengabo,Sabastiano; |
| 264 #1 - PRODUCTION, PUBLICATION, DISTRIBUTION, MANUFACTURE, AND COPYRIGHT NOTICE | |
| Place of production, publication, distribution, manufacture | London. |
| Name of producer, publisher, distributor, manufacturer | Adonis & Abbey Publishers Ltd., |
| Date of production, publication, distribution, manufacture, or copyright notice | 2020. |
| 300 ## - PHYSICAL DESCRIPTION | |
| Extent | xvi,326p; |
| Dimensions | 24cm |
| Other physical details | ill; |
| 504 ## - BIBLIOGRAPHY, ETC. NOTE | |
| Bibliography, etc | Includes; bibliographical references and index. |
| 650 #0 - SUBJECT ADDED ENTRY--TOPICAL TERM | |
| Topical term or geographic name as entry element | Peace-building. |
| 9 (RLIN) | 13756 |
| 651 #0 - SUBJECT ADDED ENTRY--GEOGRAPHIC NAME | |
| Geographic name | Africa |
| General subdivision | Politics and government |
| Chronological subdivision | 1960- |
| 9 (RLIN) | 1127 |
| 651 #0 - SUBJECT ADDED ENTRY--GEOGRAPHIC NAME | |
| Geographic name | Africa |
| General subdivision | Politics and government |
| Chronological subdivision | 21st century. |
| 9 (RLIN) | 4772 |
| 700 1# - ADDED ENTRY--PERSONAL NAME | |
| Personal name | Francis, David J., |
| Dates associated with a name | 1965- |
| Relator term | editor. |
| 9 (RLIN) | 4619 |
| 700 1# - ADDED ENTRY--PERSONAL NAME | |
| Personal name | Bainomugisha, Arthur, |
| Relator term | editor. |
| 9 (RLIN) | 15145 |
| 700 1# - ADDED ENTRY--PERSONAL NAME | |
| Personal name | Rwengabo, Sabastiano, |
| Dates associated with a name | 1982- |
| Relator term | editor. |
| 9 (RLIN) | 15146 |
| 906 ## - LOCAL DATA ELEMENT F, LDF (RLIN) | |
| a | 7 |
| b | cbc |
| c | origres |
| d | 3 |
| e | ncip |
| f | 20 |
| g | y-gencatlg |
| 942 ## - ADDED ENTRY ELEMENTS (KOHA) | |
| Source of classification or shelving scheme | Dewey Decimal Classification |
| Koha item type | Open Shelf |
| Withdrawn status | Lost status | Source of classification or shelving scheme | Damaged status | Not for loan | Home library | Current library | Date acquired | Source of acquisition | Inventory number | Total Checkouts | Full call number | Barcode | Date last seen | Price effective from | Koha item type |
|---|---|---|---|---|---|---|---|---|---|---|---|---|---|---|---|
| Dewey Decimal Classification | MUST Main Library | MUST Main Library | 26/10/2021 | Purchase | 20/41381 | 100PEA 2020 | 2021-1546 | 26/10/2021 | 26/10/2021 | Open Shelf |
